000 00645nam 22002173 4500
001 202111
021 _aPT
_b16 748/87
090 _a202111
100 _a20250320d u||y0pory50 ba
101 _apor
102 _aPT
200 _aEspaço do invisível
_fVergílio Ferreira
210 _aLisboa
_cImprensa Nacional Casa da Moeda
_dimp. 1987
215 _a4 v. (314, [3] p.)
_cil.; brochado
_d24 cm
225 _aTemas portugueses
606 _91822
_aLiteratura Portuguesa Ensaio
675 _a82.134.3-4"19"
_vPT
_zpor
700 _91045
_aFerreira
_bVergílio
_f1916-1996
801 _aPT
_bBMMN
_gRPC
830 _cAna Falardo
_fAna Falardo
990 _cLIVROS